Lost enlightenment : Central Asia's golden age from the Arab conquest to Tamerlane / (Record no. 13682)
[ view plain ]
| 000 -LEADER | |
|---|---|
| fixed length control field | 00673nam a2200229 a 4500 |
| 001 - CONTROL NUMBER | |
| JCCL Control Number | 13682 |
| 003 - CONTROL NUMBER IDENTIFIER | |
| JCCL marc code | BD-JhCC |
| 005 - DATE AND TIME OF LATEST TRANSACTION | |
| control field | 20240313205819.0 |
| 008 - FIXED-LENGTH DATA ELEMENTS--GENERAL INFORMATION | |
| fixed length control field | 240313b 2013u a|||| ||a| 001 0 eng d |
| 020 ## - INTERNATIONAL STANDARD BOOK NUMBER | |
| International Standard Book Number | 9780691157733 |
| 035 ## - SYSTEM CONTROL NUMBER | |
| system control number | (BD-JhCC)13682 |
| 040 ## - CATALOGING SOURCE | |
| Original cataloging agency | BD-JhCC |
| Modifying agency | BD-JhCC |
| 041 ## - LANGUAGE CODE | |
| Language code of Book | eng |
| 082 ## - DEWEY DECIMAL CLASSIFICATION NUMBER | |
| Classification number | 958.01 |
| Author mark and Year | STA 2013 |
| 100 ## - MAIN ENTRY--PERSONAL NAME | |
| Personal name | Starr,S. Frederick |
| 245 ## - TITLE STATEMENT | |
| Title | Lost enlightenment : Central Asia's golden age from the Arab conquest to Tamerlane / |
| Remainder of title | S. Frederick Starr |
| 260 ## - PUBLICATION, DISTRIBUTION, ETC. (IMPRINT) | |
| Place of publication, distribution, etc | London: |
| Name of publisher, distributor, etc | Princeton University Press; |
| Date of publication, distribution, etc | 2013. |
| 300 ## - PHYSICAL DESCRIPTION | |
| Pagination | 634 p. : |
| Other physical details | ill |
| Dimensions | 22 cm. |
| 650 ## - SUBJECT ADDED ENTRY--TOPICAL TERM | |
| Topical term or geographic name as entry element | Asia, Central Civilization To 1500 |
| 942 ## - ADDED ENTRY ELEMENTS (KOHA) | |
| Source of classification or shelving scheme | Dewey Decimal Classification |
| Koha item type | Books |
| Source of classification or shelving scheme | Damaged status | Not for loan | Home library | Current library | Shelving location | Date of accession | Cost, normal purchase price | Total Checkouts | Full call number | Barcode | Date last seen | Copy number | Method of acquisition | Koha item type | Currency |
|---|---|---|---|---|---|---|---|---|---|---|---|---|---|---|---|
| Dewey Decimal Classification | JCC Rouf Library | JCC Rouf Library | General Stacks | 580.00 | 958.01 STA 2013 | 19120 | 03/13/2024 | C-1 | Purchase | Books | BDT |